Law governing the housing industry

Bibliographic Details
Main Author: Kok, S.Y (Author)
Format: Book
Language:English
Published: Singapore : Malayan Law Journal 1998
Subjects:

MARC

LEADER 00000cam a2200000 7i4500
001 0000012281
005 20241018.0
008 030904 si eng
020 |a 967962143X 
040 |a INS   |b eng   |e rda 
090 0 0 |a KPG1023.5   |b K65 1998 
100 1 |a Kok, S.Y. ,   |e author 
245 1 0 |a Law governing the housing industry   |c S.Y. Kok 
264 1 |a Singapore :   |b Malayan Law Journal   |c 1998 
264 4 |c ©1998 
300 |a xxi, 261 pages ;   |c 25 cm. 
336 |a text  |2 rdacontent 
337 |a unmediated  |2 rdamedia 
338 |a volume  |2 rdacarrier 
500 |a Includes index 
650 0 |a Housing development 
650 0 |a Housing   |x Law and Legistation   |z Malaysia 
999 |a 0000009356   |b BOOK   |c Open Shelf   |e Default branch 
999 |a 0000009357   |b BOOK   |c Open Shelf   |e Default branch 
999 |a 0000011866   |b BOOK   |c Open Shelf   |e Default branch